banner koha

Terminação adequada para o abate (Registro n. 300307)

MARC details
000 -LÍDER
fixed length control field 00881nab a2200277 4500
003 - CÓDIGO MARC DA AGÊNCIA CATALOGADORA
Campo de controle BR-BrBNA
005 - DATA E HORA DA ÚLTIMA ATUALIZAÇÃO
Campo de controle 20240814101206.0
008 - CAMPO DE TAMANHO FIXO
fixed length control field 240630b bl.||||| |||| 00| 0 por d
040 ## - FONTE DA CATALOGAÇÃO
Agência catalogadora BR-BrBNA
Idioma da catalogação por
072 ## - CATEGORIA AGRIS
Código AGRIS L01 ; N10
Código do objeto 5213 ; 4430
100 ## - ENTRADA PRINCIPAL - NOME PESSOAL
Nome pessoal Fenelon, Maurício
245 ## - TÍTULO PRINCIPAL
Título principal Terminação adequada para o abate
Subtítulo Confinamento
500 ## - NOTA GERAL
Nota geral 2 illus.
942 ## - ADDED ENTRY ELEMENTS (KOHA)
Koha item type
650 ## - ASSUNTO - THESAGRO
Cabeçalho tópico ou nome geográfico GADO DE CORTE
650 ## - ASSUNTO - THESAGRO
Cabeçalho tópico ou nome geográfico CONFINAMENTO
650 ## - ASSUNTO - THESAGRO
Cabeçalho tópico ou nome geográfico INSTALAÇÃO PARA ANIMAL
650 ## - ASSUNTO - THESAGRO
Cabeçalho tópico ou nome geográfico CURRAL
650 ## - ASSUNTO - THESAGRO
Cabeçalho tópico ou nome geográfico BEBEDOURO
650 ## - ASSUNTO - THESAGRO
Cabeçalho tópico ou nome geográfico COMEDOURO
650 ## - ASSUNTO - THESAGRO
Cabeçalho tópico ou nome geográfico RAÇÃO
650 ## - ASSUNTO - THESAGRO
Cabeçalho tópico ou nome geográfico TERMINAÇÃO
650 ## - ASSUNTO - THESAGRO
Cabeçalho tópico ou nome geográfico ABATE
773 0# - ENTRADA ANALÍTICA
Host Biblionumber 4604
Registro do item 317198
Imprenta Palmas - Tocantins Terranova Gráfica e Editora Jornalística Ltda 2005
Outro identificador 2024-3822
Título Cerrado Rural Agronegócios (Brazil)
ISSN 1980-2595
Colação v. 4(28) p. 16-17; (Oct 2007)
Número de controle de registro BR2024001885

Nenhum exemplar disponível.

BINAGRI

Telefone: (61)3218-2567/2388/3357/2097 - binagri@agro.gov.br

Ministério da Agricultura e Pecuária , Esplanada dos Ministérios, Bloco D, Anexo B, Brasília/DF, CEP: 70.043-900